Countries with embassies and consulates in Auckland - Statistics

General Stats
  • This quiz has been taken 59 times
  • The average score is 11 of 12
Answer Stats
Continent Country % Correct
Oceania Australia
100%
North America Canada
100%
North America United States of America
100%
Europe United Kingdom
98%
Asia China
96%
Oceania Samoa
96%
Oceania Tonga
96%
Asia Japan
91%
Asia South Korea
85%
South America Colombia
80%
Oceania Vanuatu
76%
Asia Saudi Arabia
54%
No matching quizzes found
Score Distribution
Percent of People with Each Score
Percentile by Number Answered
Your Score History
You have not taken this quiz